UM Logo

Linguistic Interference of Cebuano Dialect (L1) and the English Language Proficiency (L2) among Second Year English Major Students Of UMDC. (Record no. 6388)

MARC details
000 -LEADER
fixed length control field 00653nam a22001577a 4500
008 - FIXED-LENGTH DATA ELEMENTS--GENERAL INFORMATION
fixed length control field 170309b xxu||||| |||| 00| 0 eng d
082 ## - DEWEY DECIMAL CLASSIFICATION NUMBER
Edition number 2016
Classification number UT 0703
Item number An22
100 ## - MAIN ENTRY--PERSONAL NAME
9 (RLIN) 19260
Personal name Andales, Audrey Rose.
245 ## - TITLE STATEMENT
Title Linguistic Interference of Cebuano Dialect (L1) and the English Language Proficiency (L2) among Second Year English Major Students Of UMDC.
Statement of responsibility, etc. Audrey Rose Andales, Rowena T. Lobos and Irish C. Prejoles.
300 ## - PHYSICAL DESCRIPTION
Extent 43 pages;
Other physical details 29 cm.
650 #0 - SUBJECT ADDED ENTRY--TOPICAL TERM
9 (RLIN) 19261
Topical term or geographic name as entry element Education
Form subdivision English
General subdivision Undegraduate Thesis.
700 ## - ADDED ENTRY--PERSONAL NAME
9 (RLIN) 19262
Personal name Andales, Audrey Rose.
700 ## - ADDED ENTRY--PERSONAL NAME
9 (RLIN) 19263
Personal name Lobos, Rowena T.
700 ## - ADDED ENTRY--PERSONAL NAME
9 (RLIN) 19264
Personal name Prejoles, Irish C.
942 ## - ADDED ENTRY ELEMENTS (KOHA)
Source of classification or shelving scheme Dewey Decimal Classification
Koha item type Undergraduate Thesis
Holdings
Withdrawn status Lost status Source of classification or shelving scheme Damaged status Not for loan Home library Current library Date acquired Total Checkouts Full call number Barcode Date last seen Copy number Price effective from Koha item type
    Dewey Decimal Classification     UM Digos College - LIC UM Digos College - LIC 11/07/2016   UT 0703 An22 2016 UT0703 03/09/2017 1 03/09/2017 Undergraduate Thesis
    Dewey Decimal Classification     UM Digos College - LIC UM Digos College - LIC 02/27/2017   UT 0745 An22 2016 UT0745 04/24/2017 2 04/24/2017 Undergraduate Thesis